The Flags of the Biggest Subdivisions - Statistics

General Stats
  • This quiz has been taken 87 times
  • The average score is 19 of 50
Answer Stats
Picture Answer % Correct
Greenland
89%
Sakha
81%
Quebec
80%
Xizang
78%
Texas
74%
Nunavut
72%
Alaska
70%
California
69%
British Columbia
67%
Queensland
67%
Western Australia
67%
Ontario
65%
Alberta
63%
Xinjiang
63%
Amazonas
59%
Northern Territory
59%
Saskatchewan
59%
Inner Mongolia
57%
Manitoba
57%
Northwest Territories
56%
South Australia
56%
New South Wales
52%
Yukon
46%
Krasnoyarsk Krai
43%
Mato Grosso
39%
Pará
39%
Bahia
31%
Minas Gerais
31%
Chukotka
24%
Kamchatka
24%
Komi
24%
Qinghai
20%
Arkhangelsk
19%
Irkutsk
17%
Magadan
17%
Khabarovsk Krai
15%
Gansu
13%
Heilongjiang
11%
Sichuan
11%
Zabaykalsky
11%
Agadez
9%
Tamanrasset
9%
Adrar
7%
New Valley
7%
Yamalia
7%
Eastern Province
4%
Kufra
4%
Karaganda
2%
Khantia-Mansia
2%
Tombouctou
2%
No matching quizzes found
Score Distribution
Percent of People with Each Score
Percentile by Number Answered
Your Score History
You have not taken this quiz